Plumbing, Electricity, Acoustics: Sustainable Design Methods for Architecture (Record no. 14321)

000 -LEADER
fixed length control field 00359nam a2200121Ia 4500
008 - FIXED-LENGTH DATA ELEMENTS--GENERAL INFORMATION
fixed length control field 260210s9999 xx 000 0 und d
020 ## - INTERNATIONAL STANDARD BOOK NUMBER
International Standard Book Number 9781118014752
082 ## - DEWEY DECIMAL CLASSIFICATION NUMBER
Classification number 696
100 ## - MAIN ENTRY--PERSONAL NAME
Personal name Norbert M. Lechner
245 #0 - TITLE STATEMENT
Title Plumbing, Electricity, Acoustics: Sustainable Design Methods for Architecture
260 ## - PUBLICATION, DISTRIBUTION, ETC. (IMPRINT)
Name of publisher, distributor, etc John Wiley & Sons (Wiley)
Date of publication, distribution, etc 2011
942 ## - ADDED ENTRY ELEMENTS (KOHA)
Item type UG Books
Source of classification or shelving scheme
Holdings
Withdrawn status Lost status Source of classification or shelving scheme Damaged status Koha normalized classification for sorting Not for loan Permanent location Current location Shelving location Date acquired Full call number Barcode Date last seen Price effective from Koha item type
        696_000000000000000   BMS College of Architecture, Design and Planning BMS College of Architecture, Design and Planning General Stacks 2025-12-17 696 AR-UG5238 2026-02-10 2026-02-10 UG Books
Copyright © 2025, The Librarian, Library and Information Centre, BMSCA D&P, Bengaluru. All Rights Reserved
web counter

Powered by Koha